| 000 | 00703 a2200217 4500 | ||
|---|---|---|---|
| 005 | 20260416113530.0 | ||
| 008 | 260416b |||||||| |||| 00| 0 eng d | ||
| 020 | _a978-81-969602-3-0 | ||
| 037 | _cTB | ||
| 040 |
_aAL _cAL |
||
| 041 |
_2eng _aeng |
||
| 084 |
_aV4295:1973-41.P1 R4 _qAL |
||
| 100 |
_aC. Manoj _91113968 |
||
| 245 | _aTaiwan as strategically vital region for U.S. and China reasons behind tension | ||
| 260 |
_bR. Sons Books, _c2024. _aDelhi, India: |
||
| 300 | _a252p. | ||
| 365 |
_b1399 _cINR |
||
| 650 | _2Taiwan-Foreign Relations | ||
| 942 |
_cTB _2CC _hV4295:1973-41.P1 R4 |
||
| 999 |
_c1678710 _d1678710 |
||